000
00302nam a22001217a 4500
082
_a
297
_b
MAN
100
_a
Mansoor, Mufti Abu Lababa Shah
_9
51398
245
_a
د جا ل
260
_a
Karachi,
_b
Al Saeed,
_c
2009.
300
_a
279p.
526
_a
0
_b
0
_c
0
_d
297_000000000000000_MAN
942
_2
ddc
_c
BK
999
_c
554093
_d
554093